[Event "Buenos Aires 110 Years Argentino CC"]
[Site "Buenos Aires"]
[Date "2015.04.09"]
[Round "1.21"]
[White "Cavinato, Santiago"]
[Black "Merlo, Carlos"]
[Result "0-1"]
[WhiteElo "1394"]
[BlackElo "1882"]
[PlyCount "56"]
[EventDate "2015.04.09"]
[EventType "swiss"]
[EventRounds "9"]
[EventCountry "ARG"]
[SourceTitle "EXT 2024"]
[Source "ChessBase"]
[SourceDate "2023.10.10"]
[SourceVersion "1"]
[SourceVersionDate "2023.10.10"]
[SourceQuality "1"]

1. d4 g6 2. c4 Bg7 3. Nc3 c5 4. e3 Na6 5. Nf3 d6 6. Bd3 Nf6 7. a3 0-0 8. 0-0 b6 9. Qe2 Bb7 10. b3 Qd7 11. Bb2 Nh5 12. Rad1 Rad8 13. Rd2 f5 14. Rfd1 Bxf3 15. Qxf3 f4 16. Qe2 fxe3 17. fxe3 cxd4 18. Nb5 dxe3 19. Qxe3 Bxb2 20. Rxb2 Nc5 21. Be2 Qf5 22. Nd4 Qf4 23. Qxf4 Nxf4 24. Bf3 e5 25. Nc6 Rd7 26. Bg4 Rdf7 27. Rxd6 h5 28. Bd1 Nfd3 0-1